000 00780nam a22002411u 4500
001 06118
003 HDC
007 cr bn ---aaaaa
008 210122p2015 | d 00 engg
040 _aHDC
245 4 _aThe WIEF Córdoba Roundtable 2015
260 _a[no place] :
_b[publisher not identified],
_c2015
300 _a 1 online resource ( 59 pages)
336 _atext
_2rdacontent
337 _acomputer
_2rdamedia
338 _aonline resource
_2rdacarrier
650 _ahalal tourism
_9529
650 _aIslamic economic
_9303
856 _zRequest full-text at [email protected]
942 _2lcc
942 _cEIS
942 _kREPT 000269
999 _c3442
_d3442